Contratos civiles y comerciales (Registro nro. 1713)

Detalles MARC
000 -LEADER
fixed length control field 02107 a2200205 4500
001 - CONTROL NUMBER
control field 28416
005 - DATE AND TIME OF LATEST TRANSACTION
control field 20260407155556.0
008 - FIXED-LENGTH DATA ELEMENTS--GENERAL INFORMATION
fixed length control field 260407a1990 arg spa d
003 - CONTROL NUMBER IDENTIFIER
control field AR-UNSa-BCEJYS
040 ## - CATALOGING SOURCE
Original cataloging agency AR-UNSa-BCEJYS
Language of cataloging spa
Transcribing agency AR-UNSa-BCEJYS
080 ## - UNIVERSAL DECIMAL CLASSIFICATION NUMBER
Universal Decimal Classification number 347.44
Common auxiliary subdivision Contratos en general. Obligaciones
020 ## - INTERNATIONAL STANDARD BOOK NUMBER
International Standard Book Number 950-508-320-3
100 1# - MAIN ENTRY--PERSONAL NAME
Personal name Ghersi, Carlos Alberto
245 10 - TITLE STATEMENT
Title Contratos civiles y comerciales
Name of part/section of a work Partes general y especial. Figuras contractuales modernas
264 #1 - PRODUCTION, PUBLICATION, DISTRIBUTION, MANUFACTURE, AND COPYRIGHT NOTICE
Place of production, publication, distribution, manufacture Buenos Aires :
Name of producer, publisher, distributor, manufacturer Astrea
Date of production, publication, distribution, manufacture, or copyright notice 1990
300 ## - PHYSICAL DESCRIPTION
Extent xlvii, 647 p.
Dimensions 20 cm.
505 ## - FORMATTED CONTENTS NOTE
Formatted contents note 1. Punto de partida metodológico para el estudio del contrato - 2. Presupuestos del contrato - 3. El contrato - 4. La causa de los contratos - 5. El objeto - 6. Consentimiento - 7. Forma de los contratos - 8. La prueba de los contratos - 9. Causas que afectan los elementos estructurales del contrato - 10. intrepretación del contrato - 11. efectos de los contratos - 12. extinción de los contratos - 13. Carecterización de los contratos para su clasificación - 14. Equivalencia e inequivalencia de los contratos. Lesión subjetiva-objetiva. Imprevisión - 15. Frustración del contrato por decisión voluntaria. Señal o arras. El pacto comisorio - 16. Los efectos poscumplimiento. Garantía de evicción y vicios redhibitorios - 17. La caracterización contractual - 18. Contrato de transferencias de bienes - 19. Contrato de locación - 20. Contrato de transferencia de tenencia - 21. Contrato de sociedad - 22. Contrato de juego y apuesta - 23. Contrato de fianza - 24. Contrato de representación - 25. Hipercentro de consumo. Franchising y otros institutos - 26. Joint venturas - 27. Factoring - 28. Underwriting - 29. Ahorro previo - 30. Prestación medica prepaga - 31. Seguro de retiro - 32. Contratos de prestación profesional - 33. Contratos de fines recreativos - 34. Producción de obra discográfica, cinematográfica y televisiva - 35. Garaje, estacionamiento y parquímetro - 36. Contratos informáticos - 37. Tarjeta de crédito - 38. Transporte
590 ## - LOCAL NOTE (RLIN)
Local note niveau_biblio:m niveau_hierar:0
942 ## - ADDED ENTRY ELEMENTS (KOHA)
Koha item type
Existencias
Withdrawn status Lost status Damaged status Not for loan Home library Current library Shelving location Date acquired Total checkouts Full call number Barcode Date last seen Price effective from Koha item type
        Biblioteca Prof. Eusebio Cleto del Rey Biblioteca Prof. Eusebio Cleto del Rey   07/04/2026   347.44 G413 L119983 07/04/2026 07/04/2026 Libro